000 02005cam a2200277 4500
008 000000n2003 000 0 eng u
020 _a1842191454
035 _a(Sirsi) u121750
041 0 _aeng
050 0 4 _a333.332 $2 18
110 2 _aRoyal Institution of Chartered Surveyors
_bValuation Faculty
_94354
245 0 0 _aValuation of surgery premises used for medical or health services in the United Kingdom
_bValuation Information Paper No. 4
_h[archived]
260 _aCoventry
_bRICS
_c2003
300 _a17p.
_c30cm.
490 0 _aRICS Information Paper
490 0 _aRICS Valuation Information Paper
_v(04)
505 2 _aThe NHS framework -- BMA guidance -- Basis of valuation and assumptions -- Inspection and measurement -- Valuation considerations -- The impact of disability legislation -- Pharmacies within healthcare developments
520 _aConcerned with the valuation of surgery premises, including all medical centres and surgeries occupied by doctors and other similar practitioners for medical or health services. It does not apply to valuations carried out under statutory provisions, or to private heathcare properties such as nursing or residential care homes (although some of the considerations covered may be relevant). Written specifically for position in England and Wales although Scottish variations are noted. Should be able to adapt to local circumstances in Northern Ireland.
520 _aSuperseded by second edition (ISBN 9781842195994).
650 2 4 _aRICS appraisal and valuation standards
651 4 _aEngland and Wales
_y1543-
690 _aPROPERTY-OTHER PROPERTY TYPES-HEALTHCARE AND WELFARE PROPERTY
710 2 _aRoyal Institution of Chartered Surveyors
_bDoctors' Surgeries Working Group
_94504
856 4 1 _uhttps://www.isurv.com/downloads/file/2752/archive_vip_04_the_valuation_of_surgery_premises_used_for_medical_or_health_services_in_the_united_kingdom_july_2003-october_2010
_zArchived on isurv (Subscription required)
942 _n0
_2ddc
999 _c102724
_d102724